000 00238nam a2200097Ia 4500
008 200302s9999 xx 000 0 und d
100 _aCoaudia Stauble
245 _aA Year in Architecture
260 _bPrestel Publishing Ltd.
260 _c2009
999 _c3820
_d3820